000 01030nam a2200229Ia 4500
999 _c40806
_d40806
001 7446
003 GE_BSU
005 20231218100131.0
008 181216s1960||||ge |||||||||||||| ||geo||
040 _cGE_BSU
041 _ageo
080 _a821.353.1-31 დ-28
100 _aდევდარიანი, კლავდია
_920766
245 _aსიჭაბუკე პოეტისა :
_bრომანი ნ. ბარათაშვილზე /
_cკლავდია დევდარიანი ; რედ. ქ. თავაძე ; მხატვ. ვლ. ალიმბარაშვილი.
264 _aთბილისი :
_bნაკადული,
_c1960.
300 _a210 გვ. :
_c22 სმ.
653 _aრომანი
653 _aსიჭაბუკე პოეტისა
700 _aთავაძე, ქ.
_eრედაქტორი
_93956
700 _aალიმბარაშვილი, ვლ.
_eმხატვარი
_920767
942 _cBK
_2udc